| 000 | 00429nam a2200157Ia 4500 | ||
|---|---|---|---|
| 003 | GCL | ||
| 005 | 20240530105129.0 | ||
| 008 | 140319s9999 xx 000 0 ara d | ||
| 040 |
_aGCL / _cGCL |
||
| 082 | 0 | 4 |
_a811.009 _bج ا |
| 100 | 0 | _aجميل جبر | |
| 245 | 1 | 0 |
_aالياس ابو شبكة : شاعر الحب / _cجميل جبر |
| 260 |
_a[S.N] : _bدار الجيل ، _c1993 |
||
| 300 | _a247 ص | ||
| 942 |
_2ddc _cBK |
||
| 999 |
_c53405 _d53405 |
||